000 00982nam a2200265 u 4500
001 992688
005 20260507073256.0
007 co|||||||
008 060913s2006 spa
035 _a992688
040 _ccomduadb
041 _aspa
080 _aW
100 1 0 _aZapata Zuluaga, Rosa Maria
_4aut
_eaut
_9550139
245 1 0 _aPerfil del cargo observado y esperado de los directores locales de salud del departamento de Antioquia, 2006
260 _aMedellín :
_bAutor(a),
_c2006.
300 _a1 CD-ROM
650 _aDirector local de salud
_9159956
650 _aCompetencia laboral
_9111994
650 _aPerfil profesional
_918065
650 _aDirecciones locales de salud
_995130
700 1 0 _aVieco Gómez, Germán Fernando
_4ths
_eths
_9506360
942 _cTESIS
999 _c398564
_d398564
500 _aTesis (Administrador de Salud con Énfasis en Gestión de Servicios de Salud). Universidad de Antioquia. Facultad Nacional de Salud Pública - Título del grado otorgado